000 00862nab a2200253 u 4500
001 11850
003 HDC
007 cr bn ---aaaaa
008 210208c mydr|nes 0 a eng d
040 _aHDC
100 _aLee, Hooi Boon,
_eauthor
_912212
245 0 _aPenang issues 659 halal certificates for Q1 of 2015 /
_cby Lee Hooi Boon
260 _a[no place] :
_b[publisher not identified],
_c[no year]
336 _atext
_2rdacontent
337 _acomputer
_2rdamedia
338 _aonline resource
_2rdacarrier
650 _aHalal certificate
_9482
650 _aHalal food industry
_9128
710 _aThe Sun Daily
856 _zRequest full-text at [email protected]
942 _2lcc
942 _cNEWS
942 _kNWSO 002640
999 _c9173
_d9173